[Event "OGOLNOPOLSKA OLIMPIADA MLODZIEZY<br/>MISTRZOSTWA POLSKI JUNIOROW 2016 - D14"]
[Site "Olecko"]
[Date "2016-05-08"]
[Round "8.12"]
[White "Rokoszna, Zuzanna"]
[Black "Orlik, Sandra"]
[Result "0-1"]
[WhiteTitle "II"]
[BlackTitle "I"]
[WhiteElo "1017"]
[BlackElo "1451"]

1. d4 d5 2. c4 dxc4 3. e4 e5 4. d5 c6 5. Bxc4 Nf6 6. Nc3 b5 7. Bd3 b4 8. Nce2 cxd5
9. exd5 Qxd5 10. f3 Nbd7 11. Be3 Bc5 12. Bxc5 Nxc5 13. Bb5+ Bd7 14. Qxd5 Nxd5
15. O-O-O Ne3 16. Bxd7+ Nxd7 17. Rd3 Rc8+ 18. Kb1 Nxg2 19. Nh3 Nh4 20. Nf2 f5
21. Rhd1 Nf6 22. Nc1 O-O 23. Nb3 Rc7 24. Nh3 e4 25. fxe4 Nxe4 26. Rd4 Rb8 27.
Nf4 Nf3 28. Rd8+ Rxd8 29. Rxd8+ Kf7 30. Nd5 Ned2+ 31. Ka1 Nxb3+ 32. axb3 Rc1+
33. Ka2 a5 34. Ra8 Rc5 35. Ra7+ Kg6 36. Nf4+ Kh6 37. Ne6 Re5 38. Ra6 g6 39. h3
Kh5 40. Nd8 Kh4 41. Nc6 Re6 42. Nxb4 Rxa6 43. Nxa6 Nd4 44. Nc5 f4 45. Nd3 f3 46.
Nf2 Kg3 47. Ne4+ Kxh3 48. Ng5+ Kg2 49. Nxh7 f2 50. Nf8 f1=Q 51. Nxg6 Qf7 52. Ne5
Qxb3+ 53. Ka1 Nc2+ 54. Kb1 a4 55. Kc1 Nb4 56. Kb1 a3 57. Kc1 Qc2# 0-1

[Event "OGOLNOPOLSKA OLIMPIADA MLODZIEZY<br/>MISTRZOSTWA POLSKI JUNIOROW 2016 - D14"]
[Site "Olecko"]
[Date "2016-05-08"]
[Round "8.13"]
[White "Nowicka, Julia"]
[Black "Sawa, Daria"]
[Result "1-0"]
[WhiteTitle "I"]
[BlackTitle "I"]
[WhiteElo "1281"]
[BlackElo "1111"]

1. e4 e5 2. Nf3 Nc6 3. d4 exd4 4. Nxd4 Nf6 5. Nc3 Bb4 6. Nxc6 bxc6 7. Bd3 O-O 8.
O-O Re8 9. Qf3 d5 10. exd5 cxd5 11. Bg5 Bxc3 12. bxc3 c6 13. Bxf6 Qxf6 14. Qxf6
gxf6 15. c4 d4 16. f3 Be6 17. Rfe1 c5 18. Re4 Kg7 19. Rh4 h6 20. Rh5 Rec8 21.
Rb1 a6 22. a3 Rc6 23. Be4 Rac8 24. Bxc6 Rxc6 25. Rb8 Bxc4 26. Rh3 Re6 27. Rg3+
Kh7 28. h3 f5 29. Rbg8 Rg6 30. R3xg6 fxg6 31. Rc8 d3 32. Rxc5 Bb5 33. cxd3 Bxd3
34. Rc7+ Kg8 35. Kf2 f4 36. Rd7 Bb5 37. Rc7 Bd3 38. g3 fxg3+ 39. Kxg3 Bf5 40.
Ra7 Bd3 41. h4 Be2 42. f4 Kh8 43. Kf2 Bc4 44. Ke3 Kg8 45. Kd4 Bb5 46. Kc5 Be2
47. Kb6 Bd3 48. Rxa6 Bxa6 49. Kxa6 Kf7 50. Kb7 Kf6 51. a4 Kf5 52. a5 Kxf4 53.
a6 Kg4 54. a7 Kxh4 55. a8=Q Kg4 56. Qa4+ Kh5 57. Kc6 g5 58. Kd5 g4 59. Ke5 Kh4
60. Kf5 h5 61. Qb3 g3 62. Kf4 1-0

[Event "OGOLNOPOLSKA OLIMPIADA MLODZIEZY<br/>MISTRZOSTWA POLSKI JUNIOROW 2016 - D14"]
[Site "Olecko"]
[Date "2016-05-08"]
[Round "8.14"]
[White "Roszkiewicz, Anna"]
[Black "Koruch, Maria"]
[Result "1/2-1/2"]
[WhiteTitle "I"]
[BlackTitle "I"]
[WhiteElo "1443"]
[BlackElo "1362"]

1. e4 c5 2. Nf3 Nc6 3. d4 cxd4 4. Nxd4 Nf6 5. Nc3 e5 6. Ndb5 d6 7. Bg5 a6 8. Na3
b5 9. Bxf6 gxf6 10. Nd5 f5 11. c3 Bg7 12. Bd3 Be6 13. O-O Bxd5 14. exd5 Ne7 15.
Be2 O-O 16. Nc2 Qd7 17. Qd2 Qb7 18. Rad1 Rac8 19. Ne3 e4 20. Nc2 Rc5 21. Qf4 Rxd5
22. Rxd5 Qxd5 23. Nb4 Qe6 24. Nxa6 Qxa2 25. Bxb5 Qxb2 26. c4 Qe5 27. Qd2 Qd4 28.
Qg5 Qf6 29. Qd2 Qg6 30. Rd1 Be5 31. Nb4 Qh5 32. h3 Bc3 33. Nd5 e3 34. fxe3 Bxd2
35. Nf6+ Kh8 36. Nxh5 Bxe3+ 37. Kf1 Bc5 38. Nf6 Ra8 39. Nd7 Bb4 40. Nb6 Ra2 41.
Nd5 1/2-1/2

[Event "OGOLNOPOLSKA OLIMPIADA MLODZIEZY<br/>MISTRZOSTWA POLSKI JUNIOROW 2016 - D14"]
[Site "Olecko"]
[Date "2016-05-08"]
[Round "8.15"]
[White "Pyzio, Amelia"]
[Black "Choinska, Debora"]
[Result "1-0"]
[WhiteTitle "I"]
[BlackTitle "I"]
[WhiteElo "1564"]
[BlackElo "1244"]

1. e4 e5 2. Nf3 Nf6 3. Nxe5 d6 4. Nf3 Nxe4 5. d4 d5 6. Bd3 Be7 7. O-O Nc6 8. h3
Be6 9. Re1 f5 10. Nbd2 Qd6 11. Qe2 O-O-O 12. Nb3 Bd7 13. c4 dxc4 14. Bxc4 Rde8
15. Be3 Kb8 16. Rad1 Qf6 17. Qc2 Bb4 18. Re2 f4 19. Bc1 Nd6 20. a3 Na5 21. Nxa5
Bxa5 22. Bd3 Rxe2 23. Qxe2 Bb6 24. Bc2 g5 25. Ne5 Bc8 26. b3 Re8 27. Bb2 h6 28.
Qd3 Qf5 29. Qe2 Qf6 30. a4 Ka8 31. Qd2 Rd8 32. a5 Bxd4 33. Qxd4 Nf7 34. Qc5 Rxd1+
35. Bxd1 Qd6 36. Qxd6 Nxd6 37. Kf1 Kb8 38. Ng4 h5 39. Nf6 h4 40. Nh7 Ne4 41. Ke1
Be6 42. b4 b6 43. axb6 axb6 44. Bf3 Nd6 45. Nxg5 Bg8 46. Ne4 Nf7 47. Nf6 1-0

[Event "OGOLNOPOLSKA OLIMPIADA MLODZIEZY<br/>MISTRZOSTWA POLSKI JUNIOROW 2016 - D14"]
[Site "Olecko"]
[Date "2016-05-08"]
[Round "8.16"]
[White "Filipska, Maja"]
[Black "Tarka, Aleksandra"]
[Result "0-1"]
[WhiteTitle "I"]
[BlackTitle "I"]
[WhiteElo "1479"]
[BlackElo "1472"]

1. e4 c5 2. Nf3 d6 3. d4 cxd4 4. Nxd4 Nf6 5. Nc3 g6 6. Be3 Bg7 7. f3 O-O 8. Qd2
Nc6 9. O-O-O Nxd4 10. Bxd4 Be6 11. g4 Qa5 12. Kb1 Rfc8 13. a3 Rab8 14. h4 b5 15.
h5 b4 16. Nb5 a6 17. Bxf6 Bxf6 18. hxg6 hxg6 19. Nd4 Qa4 20. Qh2 bxa3 21. Qh7+
Kf8 22. Nxe6+ fxe6 23. Qh6+ Ke8 24. Qxg6+ Kd7 25. Bb5+ Rxb5 26. Rxd6+ Kxd6 27.
e5+ Bxe5 28. Rd1+ Bd4 0-1

[Event "OGOLNOPOLSKA OLIMPIADA MLODZIEZY<br/>MISTRZOSTWA POLSKI JUNIOROW 2016 - D14"]
[Site "Olecko"]
[Date "2016-05-08"]
[Round "8.18"]
[White "Zaborowska, Maria"]
[Black "Tomczak, Marta"]
[Result "1/2-1/2"]
[WhiteTitle "I"]
[BlackTitle "I"]
[WhiteElo "1250"]
[BlackElo "1482"]

1. e4 c5 2. Nf3 Nc6 3. d4 cxd4 4. Nxd4 e5 5. Ne2 Nf6 6. Nbc3 Bb4 7. Bg5 O-O 8.
Qd3 a6 9. O-O-O b5 10. Nd5 Be7 11. Nxe7+ Qxe7 12. Nc3 Nb4 13. Qf3 Qe6 14. Bxf6
Qxf6 15. Qxf6 gxf6 16. a3 Nc6 17. Nd5 Kg7 18. g3 Nd4 19. Bh3 d6 20. Bxc8 Raxc8
21. c3 Rfd8 22. Kb1 Nb3 23. Ne7 Rc7 24. Nf5+ Kf8 25. Rd5 Nc5 26. f3 Nb7 27. Rhd1
Rcd7 28. Ka2 Kg8 29. b4 Kf8 30. Kb3 Ke8 31. R1d2 Kf8 32. Rd1 Ke8 33. R1d2 Kf8
34. Rd1 Ke8 35. R1d2 Kf8 36. Rd1 Kg8 37. R1d3 Kf8 38. Rd1 Kg8 39. R1d2 Kh8 40.
R2d3 Kg8 1/2-1/2

[Event "OGOLNOPOLSKA OLIMPIADA MLODZIEZY<br/>MISTRZOSTWA POLSKI JUNIOROW 2016 - D14"]
[Site "Olecko"]
[Date "2016-05-08"]
[Round "8.19"]
[White "Wasala, Wiktoria"]
[Black "Sivickis, Wiktoria"]
[Result "1/2-1/2"]
[WhiteTitle "I"]
[BlackTitle "I"]
[WhiteElo "1448"]
[BlackElo "1459"]

1. e4 d5 2. exd5 Qxd5 3. Nc3 Qa5 4. d4 Nf6 5. Bd2 Nc6 6. Bb5 Kd8 7. Nge2 a6 8.
Bd3 e6 9. Ne4 Qd5 10. c4 Qd7 11. Bc3 Be7 12. Bc2 Nxe4 13. Bxe4 Bf6 14. Qd3 Ke7
15. Rd1 Rd8 16. O-O Kf8 17. Bxc6 Qxc6 18. b3 Kg8 19. Qg3 Qd6 20. Nf4 Kh8 21. Nh5
Qxg3 22. fxg3 b6 23. Nxf6 gxf6 24. Rxf6 Kg8 25. Rdf1 Rd7 26. R1f4 Kf8 27. Bb4+
Kg7 28. Bc3 Kf8 29. Rg4 a5 30. Rh4 Kg8 31. Rfh6 f5 32. Rxe6 Rxd4 33. Re8+ Kf7
34. Rxh7+ Kxe8 35. Bxd4 Bb7 36. Rh8+ Kd7 37. Rxa8 Bxa8 38. h4 Ke6 39. h5 Kf7 40.
Be5 c6 41. Kf2 b5 42. c5 a4 43. b4 Bb7 44. a3 Kg8 45. Kf3 Kh7 46. g4 fxg4+ 47.
Kxg4 Bc8+ 48. Kg5 Bd7 49. h6 Be6 50. Bg7 Bd5 51. g4 Be4 52. Kf4 Bg6 53. g5 Be8
54. Kf5 Bg6+ 55. Kf6 Be4 56. Ke6 Bg6 57. Kd6 Be8 58. Kc7 Kg6 59. Bf6 Kh7 60. Kd8
Bg6 61. Kd7 Be4 1/2-1/2

[Event "OGOLNOPOLSKA OLIMPIADA MLODZIEZY<br/>MISTRZOSTWA POLSKI JUNIOROW 2016 - D14"]
[Site "Olecko"]
[Date "2016-05-08"]
[Round "8.20"]
[White "Tuznik, Martyna"]
[Black "Wyrzykowska, Aleksandra"]
[Result "1/2-1/2"]
[WhiteTitle "II"]
[BlackTitle "I"]
[WhiteElo "1047"]
[BlackElo "1254"]

1. e4 c5 2. Nf3 Nc6 3. d4 cxd4 4. Nxd4 e5 5. Nf3 Nf6 6. Nc3 Bb4 7. Bd2 d6 8. Bb5
Bxc3 9. Bxc3 Nxe4 10. Qd5 Qb6 11. Qxe4 Qxb5 12. O-O-O Qc5 13. Qe3 f6 14. Rd2 Be6
15. b3 Qxe3 16. fxe3 d5 17. Rhd1 Rd8 18. h3 O-O 19. Re1 Bf5 20. Bb2 Bg6 21. Ba3
Rfe8 22. Nh4 Be4 23. Bb2 Rc8 24. Ree2 Nb4 25. Kb1 Re6 26. Ba3 Na6 27. g4 g6 28.
Ng2 Rec6 29. Ne1 Nc7 30. Nd3 Nb5 31. Bb2 g5 32. Nb4 Rd6 33. a4 Nc3+ 34. Bxc3 Rxc3
35. Kb2 Rc5 36. Na2 a5 37. Nc3 Bg6 38. e4 d4 39. Nd5 Kf8 40. Rf2 Rcc6 41. Rde2
Bxe4 42. Nxf6 Rxf6 43. Rxf6+ Rxf6 44. Rxe4 Re6 45. c3 dxc3+ 46. Kxc3 Ke7 47. Kc4
Kd6 48. Re3 b6 49. Rd3+ Kc6 50. Re3 h6 51. Re4 Kd6 52. Re3 Kc6 53. Re4 Kd6 54.
Re3 1/2-1/2

[Event "OGOLNOPOLSKA OLIMPIADA MLODZIEZY<br/>MISTRZOSTWA POLSKI JUNIOROW 2016 - D14"]
[Site "Olecko"]
[Date "2016-05-08"]
[Round "8.21"]
[White "Jedras, Adrianna"]
[Black "Ullrich, Agata"]
[Result "1/2-1/2"]
[WhiteTitle "I"]
[BlackTitle "II"]
[WhiteElo "1261"]
[BlackElo "1199"]

1. e4 e5 2. Nf3 Nc6 3. d4 exd4 4. Nxd4 Bc5 5. Be3 Qf6 6. c3 Nge7 7. Bc4 O-O 8.
O-O Kh8 9. Kh1 b6 10. Nxc6 Qxc6 11. Bxc5 Qxc5 12. Bb3 Bb7 13. Nd2 d5 14. exd5
Nxd5 15. Ne4 Qa5 16. Qh5 Nf4 17. Qxa5 bxa5 18. f3 f5 19. Ng5 Bd5 20. Bxd5 Nxd5
21. Ne6 Rfe8 22. Nd4 g6 23. Rfe1 a6 24. g3 Rxe1+ 25. Rxe1 Rb8 26. Re2 a4 27. a3
c5 28. Nc6 Rb6 29. Na5 Rb8 30. Nc6 Rb6 31. Na5 Rb8 32. Nc6 Rb6 33. Na5 Rb8 1/2-1/2

[Event "OGOLNOPOLSKA OLIMPIADA MLODZIEZY<br/>MISTRZOSTWA POLSKI JUNIOROW 2016 - D14"]
[Site "Olecko"]
[Date "2016-05-08"]
[Round "8.22"]
[White "Bartkowska, Dorota"]
[Black "Laszczuk, Zuzanna"]
[Result "1/2-1/2"]
[WhiteTitle "II"]
[BlackTitle "II"]
[WhiteElo "1090"]
[BlackElo "1062"]

1. e4 e5 2. Nf3 Nc6 3. Bb5 f5 4. d3 fxe4 5. dxe4 Nf6 6. Nc3 Bb4 7. O-O d6 8. Nd5
Bc5 9. b4 Bb6 10. Nxb6 cxb6 11. h3 Be6 12. Ng5 Qd7 13. Nxe6 Qxe6 14. f4 Nxe4 15.
fxe5 Qxe5 16. Bxc6+ bxc6 17. Bf4 Qc3 18. Bxd6 Qe3+ 19. Kh2 O-O-O 20. Qg4+ Rd7
21. Rae1 Qd4 22. Rxe4 Qxd6+ 23. Kg1 g6 24. Qf4 Qxf4 25. Rexf4 Rd2 26. Rf8+ Rxf8
27. Rxf8+ Rd8 28. Rxd8+ Kxd8 29. Kf2 Ke7 30. Ke3 Kd6 31. Kd4 Ke6 32. Ke4 h5 33.
h4 a6 34. c4 b5 35. c5 Kf6 36. g3 Ke6 37. Kf4 Kf6 38. g4 hxg4 39. Kxg4 Kg7 40.
Kg5 Kf7 41. h5 gxh5 42. Kxh5 Ke6 43. Kg5 Kd5 44. Kf6 Kc4 45. a3 Kb3 46. Ke6 Kxa3
47. Kd6 Kxb4 48. Kxc6 Ka5 49. Kd6 b4 50. c6 b3 51. c7 b2 1/2-1/2